[Event "Zuerich Seniors op 08th"]
[Site "Zuerich"]
[Date "2010.01.29"]
[Round "5"]
[White "Laesser, Alfred"]
[Black "Baumann, Juerg Peter"]
[Result "1-0"]
[WhiteElo "2040"]
[BlackElo "1769"]
[PlyCount "69"]
[EventDate "2010.01.25"]
[EventType "swiss"]
[EventRounds "9"]
[EventCountry "SUI"]
[SourceTitle "EXT 2022"]
[Source "ChessBase"]
[SourceDate "2021.10.06"]
[SourceVersion "1"]
[SourceVersionDate "2021.10.06"]
[SourceQuality "1"]

1. d4 Nf6 2. Bg5 Ne4 3. h4 Nxg5 4. hxg5 d5 5. Nf3 g6 6. e3 Bg4 7. Nbd2 Nd7 8. c3 c6 9. Qb3 Qc7 10. Rc1 Bg7 11. c4 Bxf3 12. Nxf3 e6 13. cxd5 exd5 14. Qxd5 0-0 15. Bd3 Rfe8 16. b4 Rad8 17. Qb3 Nb6 18. 0-0 Qd6 19. a3 Re7 20. Rc2 Rc8 21. Bc4 Rec7 22. Rfc1 Qe7 23. a4 Nxa4 24. Qxa4 b5 25. Qb3 bxc4 26. Qxc4 Rb7 27. b5 Rxb5 28. Qxb5 cxb5 29. Rxc8+ Bf8 30. Ra8 b4 31. Rcc8 b3 32. Rxf8+ Qxf8 33. Rxf8+ Kxf8 34. Nd2 b2 35. Kf1 1-0